| 000 | 00596nam a2200193 u 4500 | ||
|---|---|---|---|
| 001 | 000381024 | ||
| 003 | AM-YeHGA | ||
| 005 | 20250618072317.0 | ||
| 008 | 041111s1957 ||| r 000 0 arm d | ||
| 040 | _aAM-YeHGA | ||
| 041 | 0 | _aarm | |
| 245 | 0 | 0 |
_aՀայ գրականութիւն / _cԿազմ.՝ Յ. Օշական. |
| 250 | _a2-րդ տպ. | ||
| 260 |
_aԵրուսաղէմ : _bԱ. հ, _c1957. |
||
| 300 |
_a690 էջ : _bնկ. |
||
| 650 | 1 | 4 |
_aԳրականագիտություն _xՀայ գրողներ |
| 700 | 1 |
_aՕշական, Հակոբ, _d1883-1948 _eկազմ. _4com _94922 |
|
| 090 | _c146906 | ||
| 999 |
_c145521 _d145521 |
||